| 000 | 00745cam a2200265 4500 | ||
|---|---|---|---|
| 008 | 090401t1994 xxu||||| |||| 00| 0 eng d | ||
| 020 | _a0851256295 | ||
| 035 | _a(Sirsi) u37684 | ||
| 041 | _aeng | ||
| 050 | _a690 | ||
| 110 | _aBuilding Research Establishment | ||
| 245 | _aSpecifying preservative treatments: the new European approach. | ||
| 260 |
_aGarston, Watford _bBuilding Research Establishment _c1994 |
||
| 300 | _a8p. : ill. ; 30cm. | ||
| 350 | _a0 | ||
| 490 |
_aBRE Digest _v393 |
||
| 650 | _aBRITISH STANDARDS | ||
| 650 | _aEUROPEAN STANDARDS | ||
| 650 | _aPRESERVATIVES | ||
| 650 | _aTIMBER | ||
| 650 | _aWOOD PRESERVATIVES | ||
| 690 | _aBUILT ENVIRONMENT-BUILDING MATERIALS | ||
| 942 | _n0 | ||
| 948 | _c04/03/1997 | ||
| 999 |
_c90520 _d90520 |
||